| 000 | 00921nam a2200253 i 4500 | ||
|---|---|---|---|
| 001 | bg | ||
| 245 | 0 | 0 |
_aHodowla i użytkowanie bydła / _cpod red. Henryka Grodzkiego ; [aut. Piotr Brzozowski et al.] ; Szkoła Główna Gospodarstwa Wiejskiego w Warszawie. |
| 260 |
_aWarszawa : _bWydaw. SGGW, _c2002. |
||
| 300 |
_a270, [1] s. : _bil. ; _c24 cm. |
||
| 504 | _aBibliogr. | ||
| 650 | 9 |
_aBydło _xhodowla |
|
| 655 | _aPodręczniki akademickie | ||
| 700 | 1 |
_aGRODZKI, Henryk. _eRed. |
|
| 700 | 1 | _aBRZOZOWSKI, Piotr | |
| 710 | 0 | _aSzkoła Główna Gospodarstwa Wiejskiego (Warszawa) | |
| 020 | _a8372442770 | ||
| 040 | _cBPK | ||
| 041 | 0 | _apl | |
| 080 | _a636.2(075.8) | ||
| 920 | _a83-7244-277-0 | ||
| 942 | _cKS | ||
| 008 | s pl f |000 0 pol | ||
| 999 |
_c42285 _d42285 |
||
| 856 |
_uhttp://koha.tu.koszalin.pl/cgi-bin/koha/opac-detail.pl?biblionumber=42285 _yKatalog online BPK |
||